Open Data Biblioteca Nacional de Portugal


República Portuguesa: Ministério da Cultura
Biblioteca Nacional de Portugal

Catálogo da BNP: acesso por Identificadores Unívocos
Registos Bibliográficos associados ao registo de autoridade

Etiqueta de registo: 00254nam 2200025 450
001 2255868
003 http://id.bnportugal.gov.pt/bib/catbnp/2255868
010 ## $a978-989-36590-2-1
021 ## $aPT$b556241/25
100 ## $a20260119d2025 m y0pory01030103ba
101 0# $apor
102 ## $aPT
105 ## $aa z 000yy
106 ## $ar
200 1# $a O eucalipto em Portugal$eciência, gestão e território$fJoão Ezequiel... [et al.]$gcontributos José Alexandre Araújo... [et al.]$gcoord., rev. e ed. Helena Pereira... [et al.]
210 #9 $a[S.l.]$cISAPress,$d2025
215 ## $a250 p.$cil.$d27 cm
675 ## $a630*6(469)(042)$vBN$zpor$31991979
675 ## $a582.774.3(469)(042)$vBN$zpor$31991980
675 ## $a711(469)(042)$vBN$zpor$31385451
701 #1 $aEzequiel,$bJoão$4070$31981932
702 #1 $aAraújo,$bJosé Alexandre$4205$31994399
702 #1 $94$aPereira,$bHelena$4340$31309671
801 #0 $aPT$bBN$gRPC
856 41 $uhttp://rnod.bnportugal.gov.pt/ImagesBN/winlibimg.aspx?skey=&doc=2255868&img=220417&save=true
900 ## $aBIBNAC$d20260331
966 ## $lBN$mFGMON$sS.A. 193320 V.$x1
966 ## $lBN$mFGMON$sS.A. 193320 V.-D$x1
971 ## $cisantos$d20260128
972 ## $e0$z0$d20260331$vlrevez
973 ## $cmlsousa$d20260317

OpendataBNP@bnportugal.pt | Mais informação sobre acesso aos dados BNP